000 00841cam a22002771 4500
001 f 01002686
003 DLC
005 20260227111244.0
008 751017s1865 xx 000 0 fre
010 _af 01002686
035 _a(OCoLC)1712375
040 _aDLC
_cMBU
_dDLC
042 _apremarc
050 0 0 _aDK35
_b.M56
100 1 _aMérimée, Prosper,
_d1803-1870.
245 1 4 _aLes Cosaques d'autrefois,
_cpar Prosper Mérimée.
250 _a2. éd.
260 _aParis,
_bMichel Lévy frères,
_c1865.
300 _a2 p. l., 369 p. 1 l.
_c19 cm.
440 0 _aBibliothèque contemporaine
500 _aOn cover: 3 éd. ... 1890.
505 0 _aBogdan Chmielnicki--Stenka Razine.
650 0 _aCossacks.
600 1 0 _aKhmelʹnyt͡sʹkyĭ, Bohdan,
_dapproximately 1594-1657.
700 1 _aRazin, Stepan Timofeevich,
_d-1671.
999 _c22901
_d22901